28兵庫県の市区町村 - Statistics

General Stats
  • This quiz has been taken 214 times
    210 since last reset
  • The average score is 29 of 49
Answer Stats
Answer % Correct
明石市
89%
姫路市
88%
尼崎市
87%
西宮市
87%
神戸市北区
84%
加古川市
83%
神戸市中央区
82%
神戸市西区
82%
宝塚市
79%
芦屋市
78%
神戸市灘区
77%
豊岡市
77%
相生市
76%
神戸市東灘区
75%
神戸市須磨区
75%
赤穂市
73%
川西市
73%
三田市
73%
伊丹市
71%
神戸市兵庫区
69%
神戸市長田区
69%
神戸市垂水区
69%
丹波篠山市
67%
加東市
63%
たつの市
63%
三木市
62%
加西市
62%
丹波市
62%
西脇市
61%
南あわじ市
61%
淡路市
61%
高砂市
59%
洲本市
57%
小野市
54%
養父市
54%
朝来市
54%
宍粟市
54%
佐用郡佐用町
27%
加古郡播磨町
26%
赤穂郡上郡町
26%
川辺郡猪名川町
25%
加古郡稲美町
25%
多可郡多可町
24%
美方郡香美町
24%
美方郡新温泉町
24%
神崎郡福崎町
22%
揖保郡太子町
22%
神崎郡市川町
21%
神崎郡神河町
21%
No matching quizzes found
Score Distribution
Percent of People with Each Score
Percentile by Number Answered
Your Score History
You have not taken this quiz since the last reset